Apple Computers (macs) Quiz Stats

 Plays Quiz not verified by Sporcle

Score 0/6 Timer 02:00
0 Plays Today
Kind Mac % Correct
LaptopMacBook
97.6%
LaptopMacBook Pro
89.7%
DesktopIMac
88.1%
LaptopMacBook Air
84.9%
DesktopMac Mini
65.9%
DesktopMac Pro
65.9%

You're not logged in!

Compare scores with friends on all Sporcle quizzes.
OR
Log In

Show Comments

Extras

Created Nov 27, 2010ReportNominate
Tags:Computer Quiz, apple, kind, mac, price

Top Quizzes Today


Score Distribution

Your Account Isn't Verified!

In order to create a playlist on Sporcle, you need to verify the email address you used during registration. Go to your Sporcle Settings to finish the process.

Report this User

Report this user for behavior that violates our Community Guidelines.

Details: